[Event "Veliko Gradiste Silver Lake op-A"]
[Site "Veliko Gradiste"]
[Date "2021.06.24"]
[Round "3"]
[White "Vlahovic, Ljubo"]
[Black "Caputcuoglu, Zeki Berke"]
[Result "0-1"]
[WhiteElo "1897"]
[BlackElo "2138"]
[PlyCount "54"]
[EventDate "2021.06.23"]
[EventType "swiss"]
[EventRounds "9"]
[EventCountry "SRB"]
[SourceTitle "EXT 2022"]
[Source "ChessBase"]
[SourceDate "2021.10.06"]
[SourceVersion "1"]
[SourceVersionDate "2021.10.06"]
[SourceQuality "1"]

1. e4 e5 2. d4 exd4 3. Qxd4 Nc6 4. Qe3 Nf6 5. Nc3 Bb4 6. Bd2 0-0 7. 0-0-0 Re8 8. Bc4 d6 9. f3 Ne5 10. Bb3 a5 11. Nge2 Bd7 12. a3 Bc5 13. Qg5 a4 14. Ba2 c6 15. Kb1 b5 16. h4 Be6 17. h5 h6 18. Qg3 Kh8 19. Bf4 Qb6 20. Bxe5 dxe5 21. f4 b4 22. axb4 Qxb4 23. Nc1 Reb8 24. b3 exf4 25. Qe1 Be3 26. Nd3 Qa3 27. b4 Nxe4 0-1

[Event "Backa Topola-ch"]
[Site "Backa Topola"]
[Date "2019.12.04"]
[Round "5"]
[White "Vlahovic, Ljubo"]
[Black "Hegedus, Antal"]
[Result "1-0"]
[WhiteElo "1961"]
[BlackElo "1917"]
[PlyCount "89"]
[EventDate "2019.11.25"]
[EventType "swiss"]
[EventRounds "9"]
[EventCountry "SRB"]
[SourceTitle "CBM 193 Extra"]
[Source "ChessBase"]
[SourceDate "2020.01.31"]
[SourceVersion "1"]
[SourceVersionDate "2020.01.31"]
[SourceQuality "1"]

1. e4 e6 2. d4 d5 3. exd5 Qxd5 4. Nc3 Qd8 5. Bb5+ c6 6. Ba4 Nf6 7. Bg5 Be7 8. Nf3 0-0 9. 0-0 Nbd7 10. Re1 a5 11. a3 Qc7 12. Ne4 b6 13. Qc1 Nd5 14. c4 Bxg5 15. Qxg5 N7f6 16. Nxf6+ Nxf6 17. Ne5 Bb7 18. c5 Rad8 19. Rad1 bxc5 20. dxc5 Rd5 21. Rxd5 Nxd5 22. Nc4 Ba6 23. Nd6 Bd3 24. Qd2 Bg6 25. Nc4 Ra8 26. Ne5 Ra6 27. Nxc6 h6 28. Ne5 Qxc5 29. Nxg6 fxg6 30. Qd3 Rb6 31. Qxg6 Nf6 32. Qb1 Qd4 33. b3 Ng4 34. Qc2 Rd6 35. h3 Ne5 36. Bb5 Kf7 37. Qc7+ Kf6 38. Qxa5 Rd5 39. Qa6 Qc3 40. Re3 Qc1+ 41. Kh2 Qc7 42. f4 Nc6 43. Bxc6 Qxf4+ 44. Rg3 Qd6 45. Bb7 1-0

[Event "Sombor Milicevic Memorial"]
[Site "Sombor"]
[Date "2019.10.14"]
[Round "3"]
[White "Vlahovic, Ljubo"]
[Black "Babac, Zoran"]
[Result "0-1"]
[WhiteElo "1950"]
[BlackElo "1621"]
[PlyCount "116"]
[EventDate "2019.10.09"]
[EventType "swiss"]
[EventRounds "9"]
[EventCountry "SRB"]
[SourceTitle "CBM 192 Extra"]
[Source "Chessbase"]
[SourceDate "2019.11.06"]
[SourceVersion "1"]
[SourceVersionDate "2019.11.06"]
[SourceQuality "1"]

1. e4 e5 2. d4 exd4 3. Qxd4 Nc6 4. Qe3 Bb4+ 5. Nc3 Nf6 6. Bd2 0-0 7. 0-0-0 Bxc3 8. Bxc3 Re8 9. f3 d5 10. Qg5 d4 11. Bb5 Re5 12. Qg3 Rxb5 13. Ne2 Be6 14. Nxd4 Nxd4 15. Bxd4 Qe7 16. a3 Nh5 17. Qf2 c5 18. Bc3 Rb6 19. g4 Nf6 20. g5 Ne8 21. f4 Bg4 22. Rde1 g6 23. Qg3 Bh5 24. Qf2 Rd6 25. h4 Rad8 26. Kb1 Rd1+ 27. Rxd1 Rxd1+ 28. Rxd1 Bxd1 29. Be5 b6 30. Qd2 Bg4 31. Qd5 Qd7 32. c4 Be6 33. Qxd7 Bxd7 34. Bb8 a6 35. Ba7 b5 36. cxb5 Bxb5 37. Kc2 Nd6 38. Bxc5 Nxe4 39. Bb4 f6 40. b3 fxg5 41. hxg5 Kf7 42. a4 Be2 43. Ba5 Ke6 44. Bc7 Kf5 45. b4 Kg4 46. Be5 Kf3 47. Bc7 Nf2 48. Kd2 Nh3 49. Bd6 Bc4 50. Kc3 Bf1 51. Kd4 Nxf4 52. Kc5 Ne6+ 53. Kb6 Nxg5 54. b5 axb5 55. a5 b4 56. Bxb4 Ne4 57. Kc6 h5 58. Be1 g5 0-1

[Event "Sombor Milicevic Memorial"]
[Site "Sombor"]
[Date "2019.10.09"]
[Round "1"]
[White "Vlahovic, Ljubo"]
[Black "Dombrovski, Mihajlo"]
[Result "1-0"]
[WhiteElo "1950"]
[BlackElo "1535"]
[PlyCount "58"]
[EventDate "2019.10.09"]
[EventType "swiss"]
[EventRounds "9"]
[EventCountry "SRB"]
[SourceTitle "CBM 192 Extra"]
[Source "Chessbase"]
[SourceDate "2019.11.06"]
[SourceVersion "1"]
[SourceVersionDate "2019.11.06"]
[SourceQuality "1"]

1. e4 d6 2. d4 Nf6 3. Nc3 g6 4. Bg5 Bg7 5. Qd2 c6 6. 0-0-0 Nbd7 7. e5 dxe5 8. dxe5 Ng4 9. f4 h6 10. Bh4 h5 11. Bc4 b5 12. Bb3 Qb6 13. h3 Nh6 14. e6 fxe6 15. Bxe6 Nc5 16. Bxc8 Rxc8 17. Qe1 Qc7 18. Bg5 Nf7 19. Qe3 Nxg5 20. fxg5 Nd7 21. Qe6 Nf8 22. Qe3 Be5 23. Nge2 Ne6 24. Rhf1 Rf8 25. Qe4 Nf4 26. Nxf4 Bxf4+ 27. Kb1 Rf5 28. Qe6 Rf8 29. Qxg6+ Rf7 1-0

[Event "Backa Topola-ch"]
[Site "Backa Topola"]
[Date "2012.12.07"]
[Round "9"]
[White "Vlahovic, Ljubo"]
[Black "Vadoc, Karolj"]
[Result "1-0"]
[WhiteElo "1785"]
[BlackElo "1976"]
[PlyCount "89"]
[EventDate "2012.11.19"]
[EventType "swiss"]
[EventRounds "9"]
[EventCountry "SRB"]
[SourceTitle "EXT 2014"]
[Source "ChessBase"]
[SourceDate "2013.11.20"]
[SourceVersion "1"]
[SourceVersionDate "2013.11.20"]
[SourceQuality "1"]

1. e4 e6 2. d4 d5 3. exd5 exd5 4. Bd3 Bd6 5. h3 Nf6 6. Nf3 0-0 7. 0-0 Nbd7 8. Bg5 c6 9. Nc3 Qc7 10. Re1 h6 11. Bh4 g5 12. Bg3 Bxg3 13. fxg3 Qxg3 14. Ne2 Qd6 15. Qd2 Ne4 16. Bxe4 dxe4 17. Nxg5 hxg5 18. Qxg5+ Qg6 19. Qh4 Re8 20. Rf1 Nf8 21. Rf6 Qg7 22. Raf1 Ng6 23. Qg5 Be6 24. Ng3 Rad8 25. Nh5 Rd5 26. Qxd5 Bxd5 27. Nxg7 Kxg7 28. Rd6 Re7 29. g3 Be6 30. Kg2 f5 31. b3 Nf8 32. c4 Ng6 33. h4 Nh8 34. d5 cxd5 35. cxd5 Bd7 36. h5 Nf7 37. Rg6+ Kh7 38. Rc1 Bb5 39. d6 Rd7 40. Rc7 Bc6 41. Kf2 Ne5 42. Re6 Ng4+ 43. Ke1 Kh8 44. Re7 Rxd6 45. Rc8+ 1-0

[Event "Backa Topola-ch"]
[Site "Backa Topola"]
[Date "2012.11.26"]
[Round "4"]
[White "Vlahovic, Ljubo"]
[Black "Kosa, Jeno"]
[Result "1-0"]
[WhiteElo "1785"]
[BlackElo "2112"]
[PlyCount "89"]
[EventDate "2012.11.19"]
[EventType "swiss"]
[EventRounds "9"]
[EventCountry "SRB"]
[SourceTitle "EXT 2014"]
[Source "ChessBase"]
[SourceDate "2013.11.20"]
[SourceVersion "1"]
[SourceVersionDate "2013.11.20"]
[SourceQuality "1"]

1. e4 c5 2. Nf3 g6 3. d4 cxd4 4. Qxd4 Nf6 5. e5 Nc6 6. Qf4 Nd5 7. Qe4 Nc7 8. Bc4 Bg7 9. Nc3 0-0 10. Bf4 Ne6 11. Bxe6 fxe6 12. 0-0-0 Qa5 13. Qe3 Rf5 14. g4 Rxf4 15. Qxf4 Nxe5 16. Nxe5 Bxe5 17. Qc4 d5 18. Qa4 Qxa4 19. Nxa4 b6 20. Nc3 Bxc3 21. bxc3 Ba6 22. Rhe1 Kf7 23. Rd4 Rc8 24. Rf4+ Ke8 25. Kb2 Bc4 26. g5 Kd7 27. Re3 Rc5 28. Rh3 e5 29. Rf8 Rb5+ 30. Ka1 Ra5 31. Rxh7 Rxa2+ 32. Kb1 d4 33. cxd4 Ra5 34. dxe5 Rxe5 35. f4 Rb5+ 36. Kc1 a5 37. Ra8 Kd6 38. Ra7 e6 39. Rhg7 Rc5 40. Rad7+ Kc6 41. Rc7+ Kd5 42. Rxc5+ bxc5 43. Rxg6 Be2 44. Rh6 e5 45. f5 1-0

[Event "Backa Topola-ch"]
[Site "Backa Topola"]
[Date "2012.11.23"]
[Round "3"]
[White "Janjusevic, Branislav"]
[Black "Vlahovic, Ljubo"]
[Result "0-1"]
[WhiteElo "1961"]
[BlackElo "1785"]
[PlyCount "26"]
[EventDate "2012.11.19"]
[EventType "swiss"]
[EventRounds "9"]
[EventCountry "SRB"]
[SourceTitle "EXT 2014"]
[Source "ChessBase"]
[SourceDate "2013.11.20"]
[SourceVersion "1"]
[SourceVersionDate "2013.11.20"]
[SourceQuality "1"]

1. e4 c5 2. Nf3 Nc6 3. d4 cxd4 4. Nxd4 g6 5. c4 Bg7 6. Be3 Nf6 7. Nc3 d6 8. Be2 0-0 9. 0-0 Bd7 10. Rc1 Rc8 11. f4 Re8 12. h3 a6 13. f5 Ne5 0-1

[Event "Backa Topola-ch"]
[Site "Backa Topola"]
[Date "2012.11.21"]
[Round "2"]
[White "Manojlovic, Sava"]
[Black "Vlahovic, Ljubo"]
[Result "1-0"]
[WhiteElo "2108"]
[BlackElo "1785"]
[PlyCount "51"]
[EventDate "2012.11.19"]
[EventType "swiss"]
[EventRounds "9"]
[EventCountry "SRB"]
[SourceTitle "EXT 2014"]
[Source "ChessBase"]
[SourceDate "2013.11.20"]
[SourceVersion "1"]
[SourceVersionDate "2013.11.20"]
[SourceQuality "1"]

1. d4 d5 2. Nf3 Nf6 3. c4 c6 4. Nc3 g6 5. Bf4 Bg7 6. e3 b6 7. Bd3 Bb7 8. 0-0 0-0 9. Rc1 Nbd7 10. h3 c5 11. Qe2 cxd4 12. exd4 dxc4 13. Bxc4 Nh5 14. Bh2 Bxf3 15. Qxf3 Bxd4 16. Rfd1 Bg7 17. Bb5 Nhf6 18. Bxd7 Nxd7 19. Qc6 e6 20. Rxd7 Qg5 21. Rcd1 Rac8 22. Qf3 a6 23. Bd6 Be5 24. Ne4 Qf5 25. Bxf8 Kxf8 26. Rd8+ 1-0